Groups, difference sets, and the monster (Record no. 109313)
[ view plain ]
| 000 -LEADER | |
|---|---|
| fixed length control field | 01510nam a2200361Ia 4500 |
| 082 04 - DEWEY DECIMAL CLASSIFICATION NUMBER | |
| Classification number | 512/.55 |
| 245 00 - TITLE STATEMENT | |
| Title | Groups, difference sets, and the monster |
| 260 ## - PUBLICATION, DISTRIBUTION, ETC. (IMPRINT) | |
| Place of publication | Berlin ; |
| -- | New York : |
| Name of publisher | Walter de Gruyter, |
| Year of publication | 1996. |
| 300 ## - PHYSICAL DESCRIPTION | |
| Number of Pages | xiii, 461 p. : |
| Other physical details | ill. |
| 490 0# - SERIES STATEMENT | |
| Series statement | Ohio State University Mathematical Research Institute publications ; |
| 650 #0 - SUBJECT ADDED ENTRY--TOPICAL TERM | |
| Topical Term | Finite groups |
| Topical Term | Difference sets |
| Topical Term | Number theory |
| Topical Term | Mathematical physics |
| 700 1# - ADDED ENTRY--PERSONAL NAME | |
| Personal name | Arasu, K. T., |
| 856 40 - ELECTRONIC LOCATION AND ACCESS | |
| Uniform Resource Identifier | http://site.ebrary.com/lib/rucke/Doc?id=10597658 |
No items available.
